000
00222nam a22000857a 4500
008
170124b xxu||||| |||| 00| 0 eng d
100
_9
2539
_a
JaiSingh.S.etal.
245
_a
Environment Education-7
260
_a
New delhi
_b
APC
_c
2011
999
_c
5628
_d
5628